Central Library OPAC University of Rajshahi

The library / (Record no. 31156)

MARC details
000 -LEADER
fixed length control field 01111cam a22003131a 4500
001 - CONTROL NUMBER
control field 31156
003 - CONTROL NUMBER IDENTIFIER
rucl marc code BD-RjUL
005 - DATE AND TIME OF LATEST TRANSACTION
control field 20211209051651.0
008 - FIXED-LENGTH DATA ELEMENTS--GENERAL INFORMATION
fixed length control field 140413s1921 enk 000 0 eng d
035 ## - SYSTEM CONTROL NUMBER
System control number (BD-RjUL)31243
040 ## - CATALOGING SOURCE
Original cataloging agency DLC
Transcribing agency DLC
Modifying agency DLC
-- BD-RjUL
Language of cataloging eng
041 0# - LANGUAGE CODE
Language code of text/sound track or separate title enggrc
082 04 - DEWEY DECIMAL CLASSIFICATION NUMBER
Classification number 291.1785
Author mark and year APL V-2 1921
100 0# - MAIN ENTRY--PERSONAL NAME
Personal name Apollodorus.
9 (RLIN) 75283
245 14 - TITLE STATEMENT
Title The library /
Statement of responsibility, etc. with an English translation by Sir James George Frazer ...
Number of part/section of a work Volume II
260 ## - PUBLICATION, DISTRIBUTION, ETC. (IMPRINT)
Place of publication, distribution, etc. London :
Name of publisher, distributor, etc. W. Heinemann;
Place of publication, distribution, etc. New York :
Name of publisher, distributor, etc. G. P. Putnam's sons,
Date of publication, distribution, etc. 1921.
300 ## - PHYSICAL DESCRIPTION
Pagination 546 p. ;
Size 17 cm.
500 ## - GENERAL NOTE
General note Greek text of Bibliothēkē and English translation on opposite pages.
General note Until modern times the author was often wrongly identified with the grammarian Apollodorus, of Athens.
504 ## - BIBLIOGRAPHY, ETC. NOTE
Bibliography, etc Includes Index
650 ## - SUBJECT ADDED ENTRY--TOPICAL TERM
Topical term or geographic name as entry element Mythology,
9 (RLIN) 94755
651 ## - SUBJECT ADDED ENTRY--GEOGRAPHIC NAME
Geographic name Greek
9 (RLIN) 67126
700 1# - ADDED ENTRY--PERSONAL NAME
Personal name Frazer, James George,
Dates associated with a name 1854-1941,
Relator term ed. and tr.
942 ## - ADDED ENTRY ELEMENTS (KOHA)
Source of classification or shelving scheme Dewey Decimal Classification
Koha item type Books
Holdings
Lost status Source of classification or shelving scheme Damaged status Not for loan Collection code Permanent Location Current Location Shelving location Date acquired Source of acquisition Cost, normal purchase price Total Checkouts Full call number Date last seen Copy number Koha item type
  Dewey Decimal Classification   Not For Loan Non-fiction Central Library, University of Rajshahi Central Library, University of Rajshahi Reading Room 09/03/1955 SIMPKIN MARSHAL 15.00   938 APL V-2 1921 13/04/2014 C-1 Books